Biblioteca

A time to tear down and a time to build up : (Registro nro. 67584)

Detalles MARC
000 -LÍDER
Campo fijo de descripción fija 01512cam a2200337 i 4500
001 - NÚMERO DE CONTROL
Campo de control 768714001
003 - IDENTIFICADOR DEL NÚMERO DE CONTROL
Campo de control CO-MdFUSB
005 - FECHA Y HORA DE LA ULTIMA TRANSACCIÓN
control field 20230315144053.0
007 - CAMPO FIJO DE DESCRIPCIÓN FIJA--INFORMACIÓN GENERAL
Campo fijo de descripción fija ta
008 - ELEMENTOS DE LONGITUD FIJA -- INFORMACIÓN GENERAL
Campo fijo de descripción fija -- Información general 981130t19991999miu b 001 0 eng
020 ## - NÚMERO INTERNACIONAL NORMALIZADO PARA LIBROS
Número Internacional Normalizado del libro 0802842925
040 ## - FUENTE DE CATALOGACIÓN
Agencia de catalogación original DLC
Agencia que realiza la transcripción CO-MdFUSB
Agencia que realiza la modificación C#P
-- UtOrBLW
Idioma de catalogación spa
Convenciones de la descripción rda
041 ## - CÓDIGO DE IDIOMA
Código de idioma para texto/pista de sonido o título separado eng
082 ## - NÚMERO DE CLASIFICACIÓN DECIMAL DEWEY
Número de la edición del Dewey 23
Número de clasificación 223.806
Clave de autor-Numero de item F793
100 1# - ASIENTO PRINCIPAL--NOMBRE PERSONAL
Nombre personal Fox, Michael V.,
Fechas asociadas con el nombre 1940-
Término relacionador autor
245 12 - TÍTULO
Título del Material A time to tear down and a time to build up :
Parte restante del título - Subtitulo a rereading of Ecclesiastes /
Mención de responsabilidad, etc. Michael V. Fox.
246 14 - FORMA VARIANTE DEL TITULO
Título propiamente dicho/forma breve del título Time to tear down & a time to build up.
264 #1 - PRODUCCIÓN, PUBLICACIÓN, DISTRIBUCIÓN, MANUFACTURA, Y COPYRIGHT
Lugar de producción, publicación, distribución, manufactura Grand Rapids, MI :
Nombre del productor, publicador, distribuidor Eerdmans,
Fecha de producción, publicación, distribución, manufactura, o copyright [1999]
264 #4 - PRODUCCIÓN, PUBLICACIÓN, DISTRIBUCIÓN, MANUFACTURA, Y COPYRIGHT
Fecha de producción, publicación, distribución, manufactura, o copyright ©1999.
300 ## - DESCRIPCIÓN FÍSICA
Extensión 422 páginas ;
Dimensiones 24 cm.
336 ## - TIPO DE CONTENIDO
Término de tipo de contenido texto
Código de tipo de contenido txt
Fuente rdacontent.
337 ## - TIPO DE MEDIO
Nombre del tipo de medio sin mediación
Código del tipo de medio n
Fuente rdamedia.
338 ## - TIPO DE SOPORTE
Nombre del tipo de soporte volumen
Código Tipo de soporte nc
Fuente rdacarrier.
504 ## - NOTA DE BIBLIOGRAFÍA, ETC.
Nota de bibliografía, etc Incluye referencias bibliográficas (páginas 379-406) e índices.
505 ## - NOTA DE CONTENIDO
Nota de contenido con formato preestablecido Al leer contradicciones -- Hebel y [Reeut] Ruaḥ -- Justicia -- ¿Qué es la sabiduría? -- ¿Es la sabiduría tonta? -- Acción y acontecimiento -- Las mejores cosas de la vida -- Trabajo y placer -- El fin del asunto -- Comentario: introducción: Excursus I: el tiempo en el "catálogo de los tiempos" de Qohelet -- Comentario -- Excursus II: cómo fin del mundo: envejecimiento y muerte enQohelet 12 -- Excursus III: las voces en el libro de Quhelet.
563 ## - NOTA DE ENCUADERNACIÓN
Nota de encuadernación Rústico
630 #7 - TITULO UNIFORME
Título uniforme Biblia.
Nombre de parte o sección de la obra Eclesiastes
Subdivisión de materia general Crítica, interpretación, etc.
942 ## - TIPO DE MATERIAL (KOHA)
Tipo de Item KOHA Libros General
945 ## - INFORMACIÓN LOCAL DEL REGISTRO
Catalogador JTF-925
Existencias
Estado de Material Estado de Perdido Forma de Clasificación Estado de Dañado No para Préstamo Colección Biblioteca de Origen Biblioteca Permanente Fecha de Adquisición Área Total de Préstamos Signatura Topográfica Código de Barras Última vez visto Última vez Préstado Ejemplar/Existencia Fecha de Remplazo Tipo de Material
    Dewey Decimal Classification     Colección General Biblioteca FUSBC Biblioteca FUSBC 15/03/2023 BIBLIA 1 G 223.806 F793t 21763 08/10/2025 06/10/2025 Ej. 1 15/03/2023 Libros General

Biblioteca FUSBC | Teléfono: (57+4) 349 88 10 Ext. 141| WhatsApp (+57) 3005338115 
E-mail: biblioteca@unisbc.edu.co | Calle 76 87-14 Robledo Palenque, Medellín, Colombia

Con tecnología Koha